| 000 | 00486nam a2200169 i 4500 | ||
|---|---|---|---|
| 001 | 51816 | ||
| 003 | ES-MaACL | ||
| 005 | 20230906162438.0 | ||
| 007 | t| | ||
| 008 | 030819s1904 fr ||||1| fre d | ||
| 100 | 1 |
_aDarcy, Jean. _942692 |
|
| 245 | 1 | 0 |
_aFrance et Anglaterre _b: cent années de rivalité coloniale. L'Afrique / _cpar Jean Darcy. |
| 260 |
_aParis : _b[s.n.], _c1904 ( _fJ. Dumoulin) |
||
| 300 |
_a481 p. ; _c23 cm. |
||
| 740 | 2 | _aL'Afrique. | |
| 852 |
_aES-MaACL _jF-7856 |
||
| 999 |
_c51816 _d51816 |
||